| 000 | 00585 a2200157 4500 | ||
|---|---|---|---|
| 999 |
_c6747 _d6747 |
||
| 020 | _a9953002789 | ||
| 050 | _aHM 621 SCH 2004 | ||
| 100 |
_aSchlee, Beatrice _eauthor |
||
| 245 |
_aLetters from Byblos No.6: _bperceptions of culture and democracy in Metropolitan Kinshasa, Democratic Republic of Congo/ _cBeatrice Schlee |
||
| 264 |
_aByblos: _binternational centre for Human Sciences, _c2004 |
||
| 300 | _a74p.: | ||
| 440 | _aLettres de Byblos/ Letters from Byblos Series | ||
| 500 | _aA series of occassional papers | ||
| 650 | _aCulture and Democracy | ||
| 942 |
_2lcc _cBK _h621 _iSCH _kHM |
||